| 000 | 00628nam a2200229Ia 4500 | ||
|---|---|---|---|
| 003 | OSt | ||
| 005 | 20220928131438.0 | ||
| 006 | a|||||r|||| 00| 0 | ||
| 007 | ta | ||
| 008 | 220927b |||||||| |||| 00| 0 san d | ||
| 024 | _a29808 | ||
| 037 | _cReference Collections | ||
| 040 |
_aSDCL _cSDCL _bsan |
||
| 041 |
_2san _asan |
||
| 082 | _aP15,10 Ak, P1 RR | ||
| 100 |
_aKatyayan _9393525 |
||
| 245 | 0 | _aSarvanukramni. | |
| 260 |
_aDelhi _bBhartiya Vidya Prakashan _c2001 |
||
| 300 |
_axxix,236p _ccm. |
||
| 942 |
_hP15,10 Ak, P1 RR _cREF _2CC |
||
| 999 |
_c790673 _d790673 |
||